[Event "Vall del Tenes op 3rd"]
[Site "Santa Eulalia de Roncana"]
[Date "2014.05.23"]
[Round "5"]
[White "Navines Monfa, Josep"]
[Black "Centelles Vivas, Aleix"]
[Result "0-1"]
[WhiteElo "1847"]
[BlackElo "2011"]
[PlyCount "90"]
[EventDate "2014.04.25"]
[EventType "swiss"]
[EventRounds "8"]
[EventCountry "ESP"]
[SourceTitle "CBM 160 Extra"]
[Source "ChessBase"]
[SourceDate "2014.07.01"]
[SourceVersion "1"]
[SourceVersionDate "2014.07.01"]
[SourceQuality "1"]

1. d4 d5 2. Nf3 Nf6 3. c4 e6 4. Nc3 Be7 5. Bf4 c6 6. e3 0-0 7. Bd3 Nbd7 8. 0-0 Re8 9. h3 Nb6 10. c5 Nbd7 11. Qc2 Nf8 12. Rfe1 N6d7 13. Rad1 Bf6 14. e4 e5 15. dxe5 Nxe5 16. Nxe5 Bxe5 17. Bxe5 Rxe5 18. exd5 Rxe1+ 19. Rxe1 cxd5 20. Bf5 d4 21. Rd1 Qf6 22. Nd5 Qe5 23. Qe4 Qxe4 24. Bxe4 Ne6 25. Bf5 Kf8 26. Kf1 g6 27. Bxe6 Bxe6 28. Nc7 Rd8 29. Nxe6+ fxe6 30. Ke2 e5 31. Kd3 Ke7 32. Ke4 Ke6 33. b4 Rf8 34. f3 Rf4+ 35. Kd3 Kd5 36. a3 Rf6 37. Rc1 Ra6 38. Ra1 Ra4 39. Ra2 a5 40. bxa5 Rxa5 41. a4 Kxc5 42. Ke4 Kd6 43. Rb2 Rxa4 44. Rxb7 Ra3 45. Rxh7 Re3# 0-1

[Event "Vall del Tenes op 3rd"]
[Site "Santa Eulalia de Roncana"]
[Date "2014.05.02"]
[Round "2"]
[White "Genis Traveria, Ferran"]
[Black "Navines Monfa, Josep"]
[Result "0-1"]
[WhiteElo "1700"]
[BlackElo "1847"]
[PlyCount "58"]
[EventDate "2014.04.25"]
[EventType "swiss"]
[EventRounds "8"]
[EventCountry "ESP"]
[SourceTitle "CBM 160 Extra"]
[Source "ChessBase"]
[SourceDate "2014.07.01"]
[SourceVersion "1"]
[SourceVersionDate "2014.07.01"]
[SourceQuality "1"]

1. e4 d5 2. exd5 Nf6 3. Nc3 Nxd5 4. d4 g6 5. Nf3 Bg7 6. Bc4 c6 7. Bd2 0-0 8. 0-0 Bg4 9. Be3 Re8 10. h3 Be6 11. Re1 Nxc3 12. bxc3 Bxc4 13. Ne5 Bxe5 14. dxe5 Qd5 15. Bd4 c5 16. Be3 Nd7 17. Qxd5 Bxd5 18. Bh6 e6 19. Rad1 Nb6 20. a3 Nc4 21. a4 Bc6 22. Be3 Nxe3 23. Rxe3 Bxa4 24. Rd2 Red8 25. Rd6 Kf8 26. Red3 Ke7 27. Kf1 Bb5 28. Ke1 Bxd3 29. cxd3 a5 0-1

[Event "Vall del Tenes op 3rd"]
[Site "Santa Eulalia de Roncana"]
[Date "2014.04.25"]
[Round "1"]
[White "Navines Monfa, Josep"]
[Black "Molano Lafuente, Ismael"]
[Result "0-1"]
[WhiteElo "1847"]
[BlackElo "2172"]
[PlyCount "90"]
[EventDate "2014.04.25"]
[EventType "swiss"]
[EventRounds "8"]
[EventCountry "ESP"]
[SourceTitle "CBM 160 Extra"]
[Source "ChessBase"]
[SourceDate "2014.07.01"]
[SourceVersion "1"]
[SourceVersionDate "2014.07.01"]
[SourceQuality "1"]

1. d4 Nf6 2. c4 Nc6 3. Nf3 e6 4. Nc3 Bb4 5. Bg5 h6 6. Bxf6 Bxc3+ 7. bxc3 Qxf6 8. e3 d6 9. Be2 0-0 10. 0-0 e5 11. d5 Ne7 12. Rb1 b6 13. Qc2 Bf5 14. e4 Bd7 15. Rfe1 Ng6 16. g3 Rae8 17. Qd2 Qe7 18. Bd3 Bg4 19. Qe3 f5 20. exf5 Bxf5 21. Bxf5 Rxf5 22. Qe4 Rf6 23. Rbd1 Ref8 24. Rd3 Qf7 25. Kg2 Qd7 26. Re2 Nf4+ 27. gxf4 Rxf4 28. Nxe5 Rxe4 29. Nxd7 Rxe2 30. Nxf8 Kxf8 31. Rf3+ Ke7 32. Re3+ Rxe3 33. fxe3 Kf6 34. Kf3 Kf5 35. h4 g6 36. e4+ Ke5 37. Ke3 g5 38. hxg5 hxg5 39. Kf3 g4+ 40. Kxg4 Kxe4 41. Kg5 Kd3 42. Kf5 Kxc3 43. Ke6 Kxc4 44. Kd7 Kxd5 45. Kxc7 Kc5 0-1

[Event "Cerdanyola del Valles op-B 31th"]
[Site "Cerdanyola del Valles"]
[Date "2013.??.??"]
[Round "5.7"]
[White "Navines Monfa, Josep"]
[Black "Castillo Garrido, Alex"]
[Result "1-0"]
[WhiteElo "1661"]
[BlackElo "1500"]
[PlyCount "79"]
[EventDate "2013.10.05"]
[EventType "swiss"]
[EventRounds "8"]
[EventCountry "ESP"]
[SourceTitle "EXT 2024"]
[Source "ChessBase"]
[SourceDate "2023.10.10"]
[SourceVersion "1"]
[SourceVersionDate "2023.10.10"]
[SourceQuality "1"]

1. d4 d5 2. c4 e6 3. Nc3 Nf6 4. Nf3 Be7 5. Bf4 0-0 6. e3 b6 7. Bd3 dxc4 8. Bxc4 Bb7 9. 0-0 a6 10. Re1 Nbd7 11. e4 b5 12. Bd3 c5 13. dxc5 Nxc5 14. Bc2 b4 15. e5 bxc3 16. exf6 Bxf6 17. b3 Qxd1 18. Raxd1 Bxf3 19. gxf3 Rfd8 20. b4 Nd7 21. Bc7 Nf8 22. Bxd8 Bxd8 23. Re3 Bf6 24. Red3 Rb8 25. a3 Ng6 26. Rd6 a5 27. Rb1 axb4 28. Rxb4 Ra8 29. Rb3 Rc8 30. Rdb6 Be5 31. a4 Nf4 32. Kf1 Nd5 33. R6b5 Bxh2 34. a5 Ra8 35. a6 g6 36. Ra5 Bc7 37. Ra2 f5 38. Rb7 Kf7 39. Bb3 Ra7 40. Rxa7 1-0

[Event "Barcelona Primavera La Lira op 4th"]
[Site "Barcelona"]
[Date "2011.05.12"]
[Round "6"]
[White "Navines Monfa, Josep"]
[Black "Alarcon Robles, Pedro"]
[Result "1/2-1/2"]
[WhiteElo "1846"]
[BlackElo "1918"]
[PlyCount "109"]
[EventDate "2011.03.31"]
[EventType "swiss"]
[EventRounds "9"]
[EventCountry "ESP"]
[SourceTitle "EXT 2012"]
[Source "ChessBase"]
[SourceDate "2011.11.24"]
[SourceVersion "1"]
[SourceVersionDate "2011.11.24"]
[SourceQuality "1"]

1. d4 d5 2. c4 c6 3. Nf3 Nf6 4. Nc3 e6 5. Bg5 Be7 6. e3 Ne4 7. Bxe7 Qxe7 8. Bd3 f5 9. Ne5 0-0 10. 0-0 Nd7 11. Nxd7 Bxd7 12. f3 Nd6 13. c5 Nf7 14. b4 a6 15. Qe2 e5 16. dxe5 Nxe5 17. f4 Ng4 18. Rf3 Rfe8 19. Re1 Qf6 20. Qd2 d4 21. Bc4+ Be6 22. Bxe6+ Rxe6 23. Nd1 Rd8 24. Qc2 Rde8 25. Qb3 Kh8 26. h3 Nxe3 27. Nxe3 dxe3 28. Qc4 Re4 29. Qb3 Qd4 30. Kh2 h6 31. a3 Qd5 32. Rexe3 Qxb3 33. Rxb3 Rd8 34. Rbd3 Red4 35. Rxd4 Rxd4 36. g4 g6 37. gxf5 gxf5 38. Re3 Rd7 39. Kg3 Kg7 40. Re6 a5 41. Kh4 axb4 42. axb4 Rd4 43. Re7+ Kg6 44. Rxb7 Rxf4+ 45. Kg3 Rc4 46. Rb6 Kg5 47. Kf2 Re4 48. Kf3 h5 49. Rxc6 Rxb4 50. Rc8 Rb3+ 51. Kg2 Rc3 52. c6 Kf4 53. c7 Rc2+ 54. Kh1 Kf3 55. Rf8 1/2-1/2

[Event "Cerdanyola del Valles op 28th"]
[Site "Cerdanyola del Valles"]
[Date "2010.11.13"]
[Round "7"]
[White "Ventura Bolet, Alexandre"]
[Black "Navines Monfa, Josep"]
[Result "1-0"]
[WhiteElo "1728"]
[BlackElo "1855"]
[PlyCount "110"]
[EventDate "2010.10.02"]
[EventType "swiss"]
[EventRounds "7"]
[EventCountry "ESP"]
[SourceTitle "EXT 2012"]
[Source "ChessBase"]
[SourceDate "2011.11.24"]
[SourceVersion "1"]
[SourceVersionDate "2011.11.24"]
[SourceQuality "1"]

1. e4 d5 2. exd5 Qxd5 3. Nc3 Qa5 4. d4 c6 5. Nge2 Nf6 6. g3 Bg4 7. Bg2 e6 8. 0-0 Nbd7 9. Bf4 Nd5 10. Nxd5 exd5 11. Re1 Be7 12. h3 Be6 13. Nc3 0-0 14. a3 Rfe8 15. b4 Qd8 16. Na4 b6 17. Nc3 Nf6 18. Qd3 Qd7 19. Kh2 Bf5 20. Qd2 Bd6 21. Bxd6 Qxd6 22. b5 Ne4 23. Nxe4 Bxe4 24. Bxe4 dxe4 25. a4 c5 26. d5 c4 27. Qd4 f5 28. Qxc4 Rac8 29. Qb3 Rc5 30. Red1 f4 31. c4 fxg3+ 32. fxg3 Rf8 33. Rf1 Rcc8 34. Rae1 Qc5 35. Rxf8+ Rxf8 36. Qe3 Qxc4 37. Qxe4 Rf2+ 38. Kg1 Rf1+ 39. Kg2 Qxe4+ 40. Rxe4 Rd1 41. Re7 Rxd5 42. Rxa7 h6 43. Kf3 Rd3+ 44. Kf4 Kh7 45. h4 Kg6 46. Ra6 Kf7 47. Rxb6 Rd4+ 48. Kf5 Rxa4 49. Rb7+ Kf8 50. g4 g6+ 51. Kxg6 Rxg4+ 52. Kh5 Rd4 53. b6 Ke8 54. Rh7 Rd5+ 55. Kg4 Rd4+ 1-0

[Event "Cerdanyola del Valles op 28th"]
[Site "Cerdanyola del Valles"]
[Date "2010.10.16"]
[Round "3"]
[White "Vigo Allepuz, David"]
[Black "Navines Monfa, Josep"]
[Result "1-0"]
[WhiteElo "2119"]
[BlackElo "1855"]
[PlyCount "85"]
[EventDate "2010.10.02"]
[EventType "swiss"]
[EventRounds "7"]
[EventCountry "ESP"]
[SourceTitle "EXT 2012"]
[Source "ChessBase"]
[SourceDate "2011.11.24"]
[SourceVersion "1"]
[SourceVersionDate "2011.11.24"]
[SourceQuality "1"]

1. d4 d5 2. c4 c6 3. Nf3 Nf6 4. Nc3 Bg4 5. Ne5 Bh5 6. cxd5 Nxd5 7. Qb3 Nb6 8. e3 e6 9. g4 Bg6 10. h4 h6 11. Nxg6 fxg6 12. Qxe6+ Qe7 13. Qxg6+ Qf7 14. Bd3 Be7 15. Qxf7+ Kxf7 16. Bd2 N8d7 17. f3 Rad8 18. Kf2 Rhf8 19. Ne4 Ne5 20. Bc2 Nec4 21. Bb3 Ke8 22. Bc3 Nd6 23. Nxd6+ Bxd6 24. Rad1 Nd7 25. g5 h5 26. f4 g6 27. Kg3 Ke7 28. Rhf1 Rde8 29. e4 b6 30. e5 Bc7 31. d5 cxd5 32. Bb4+ Nc5 33. Rxd5 Rd8 34. Rxc5 bxc5 35. Bxc5+ Ke8 36. Bxf8 Kxf8 37. Rd1 Rxd1 38. Bxd1 Bb6 39. f5 gxf5 40. Kf4 Bf2 41. Kxf5 Kg7 42. e6 Bxh4 43. Bxh5 1-0

[Event "Cerdanyola del Valles op 28th"]
[Site "Cerdanyola del Valles"]
[Date "2010.10.02"]
[Round "1"]
[White "Valencia Jimenez, Jose"]
[Black "Navines Monfa, Josep"]
[Result "0-1"]
[WhiteElo "2075"]
[BlackElo "1855"]
[PlyCount "24"]
[EventDate "2010.10.02"]
[EventType "swiss"]
[EventRounds "7"]
[EventCountry "ESP"]
[SourceTitle "EXT 2012"]
[Source "ChessBase"]
[SourceDate "2011.11.24"]
[SourceVersion "1"]
[SourceVersionDate "2011.11.24"]
[SourceQuality "1"]

1. c4 e5 2. Nc3 Nf6 3. g3 Be7 4. Bg2 0-0 5. Nf3 Nc6 6. d4 exd4 7. Nxd4 Nxd4 8. Qxd4 c6 9. 0-0 Qb6 10. Qxb6 axb6 11. Be3 Bc5 12. Bxc5 bxc5 0-1

[Event "Llinars del Valles op-B 4th"]
[Site "Llinars del Valles"]
[Date "2010.05.08"]
[Round "5"]
[White "Navines Monfa, Josep"]
[Black "Exojo Lozano, Angel"]
[Result "0-1"]
[WhiteElo "1864"]
[BlackElo "1713"]
[PlyCount "110"]
[EventDate "2010.04.10"]
[EventType "swiss"]
[EventRounds "7"]
[EventCountry "ESP"]
[SourceTitle "EXT 2012"]
[Source "ChessBase"]
[SourceDate "2011.11.24"]
[SourceVersion "1"]
[SourceVersionDate "2011.11.24"]
[SourceQuality "1"]

1. e4 c6 2. d4 d5 3. e5 c5 4. c3 e6 5. Nf3 Nc6 6. Bb5 Bd7 7. 0-0 Qb6 8. Ba4 Nh6 9. Bc2 cxd4 10. cxd4 Rc8 11. Nc3 Ng8 12. a3 Nge7 13. Na4 Qc7 14. Nc5 Nxd4 15. Nxd7 Nxf3+ 16. Qxf3 Qxd7 17. Bd3 a6 18. b4 Ng6 19. Re1 Qc7 20. Bb2 Be7 21. Rac1 Qd7 22. Rxc8+ Qxc8 23. Rc1 Qb8 24. b5 0-0 25. a4 Rc8 26. Rxc8+ Qxc8 27. Qe3 axb5 28. axb5 Bc5 29. Qd2 b6 30. g3 Qa8 31. Bb1 Qa5 32. Qxa5 bxa5 33. Bc3 Bb6 34. Bc2 Kf8 35. Kf1 Ke7 36. Ke2 Nf8 37. f4 h6 38. Kd3 Nd7 39. Bd4 Bxd4 40. Kxd4 Kd8 41. g4 Kc7 42. h4 Kb6 43. g5 hxg5 44. fxg5 Kxb5 45. h5 Nf8 46. h6 g6 47. Kc3 Nh7 48. Bd3+ Kb6 49. Bc2 Kc5 50. Ba4 d4+ 51. Kd3 Kd5 52. Be8 Nxg5 53. h7 Nxh7 54. Bxf7 Nf8 55. Be8 Kxe5 0-1

[Event "Llinars del Valles op-B 4th"]
[Site "Llinars del Valles"]
[Date "2010.04.17"]
[Round "2"]
[White "Arcusa Postils, Eduard"]
[Black "Navines Monfa, Josep"]
[Result "0-1"]
[WhiteElo "1653"]
[BlackElo "1864"]
[PlyCount "82"]
[EventDate "2010.04.10"]
[EventType "swiss"]
[EventRounds "7"]
[EventCountry "ESP"]
[SourceTitle "EXT 2012"]
[Source "ChessBase"]
[SourceDate "2011.11.24"]
[SourceVersion "1"]
[SourceVersionDate "2011.11.24"]
[SourceQuality "1"]

1. e4 e5 2. Nf3 Nc6 3. d4 exd4 4. Nxd4 Nxd4 5. Qxd4 d6 6. Bc4 Nf6 7. Nc3 Be7 8. Bg5 0-0 9. 0-0-0 a6 10. Nd5 Nxd5 11. Bxe7 Nxe7 12. Bd3 Nc6 13. Qc3 Qg5+ 14. Kb1 Qa5 15. Qxa5 Nxa5 16. f4 Nc6 17. c3 b5 18. Bc2 a5 19. f5 Ne5 20. b3 Nc4 21. Bd3 Bb7 22. Rhe1 Rfe8 23. Re2 d5 24. Bxc4 dxc4 25. e5 Rad8 26. Rde1 Bc8 27. g4 g6 28. Rg1 Rd5 29. e6 fxe6 30. f6 Kf7 31. g5 e5 32. h4 Bf5+ 33. Kc1 e4 34. a3 Red8 35. Rge1 c5 36. bxc4 bxc4 37. Re3 Rd3 38. Rxe4 Bxe4 39. Rxe4 Rxc3+ 40. Kb2 Rb3+ 41. Ka2 Rd2+ 0-1

[Event "Llinars del Valles op-B 4th"]
[Site "Llinars del Valles"]
[Date "2010.04.10"]
[Round "1"]
[White "Navines Monfa, Josep"]
[Black "Latorre Freixes, Marc"]
[Result "1-0"]
[WhiteElo "1864"]
[BlackElo "1462"]
[PlyCount "137"]
[EventDate "2010.04.10"]
[EventType "swiss"]
[EventRounds "7"]
[EventCountry "ESP"]
[SourceTitle "EXT 2012"]
[Source "ChessBase"]
[SourceDate "2011.11.24"]
[SourceVersion "1"]
[SourceVersionDate "2011.11.24"]
[SourceQuality "1"]

1. d4 d5 2. c4 c6 3. Nc3 Nf6 4. Nf3 Bf5 5. Bf4 e6 6. cxd5 cxd5 7. e3 Bd6 8. Bb5+ Nc6 9. Ne5 Rc8 10. Qa4 Qb6 11. Nxc6 bxc6 12. Bxd6 cxb5 13. Qxb5+ Rc6 14. Bc5 Qxb5 15. Nxb5 Ne4 16. b4 a6 17. Na3 Nc3 18. 0-0 Bd3 19. Rfe1 Kd7 20. Kh1 Rhc8 21. Rec1 Nb5 22. Nxb5 axb5 23. a4 Bc4 24. a5 Ra6 25. f3 f5 26. g3 g6 27. Kg2 h6 28. Re1 Ke8 29. Kf2 Kf7 30. e4 Kf6 31. exf5 Kxf5 32. Be7 g5 33. Re5+ Kg6 34. Rae1 Kf7 35. Bc5 Re8 36. f4 gxf4 37. gxf4 Bd3 38. R1e3 Bf5 39. Rc3 Rc6 40. Ree3 h5 41. Ra3 Ra6 42. Bb6 Kf6 43. Rac3 Bg4 44. Rc6 Kf5 45. Rec3 Rea8 46. Bc7 R6a7 47. Be5 h4 48. Rb6 Bh5 49. Rxb5 Be8 50. Rb8 Rxb8 51. Bxb8 Rb7 52. Bd6 Bb5 53. Kf3 Bc4 54. Bc5 Rb8 55. Bb6 Rc8 56. Rc2 Rg8 57. Rb2 Bb5 58. Bc7 Rc8 59. Rc2 Bc4 60. Bd6 Rd8 61. Be7 Rh8 62. Rg2 Rh5 63. Rg8 h3 64. Rb8 Rh7 65. Bd6 Rg7 66. Rh8 Bf1 67. Kf2 Bc4 68. Rxh3 Ke4 69. Rh6 1-0

[Event "Sabadell Colon op 4th"]
[Site "Sabadell"]
[Date "2010.03.26"]
[Round "9.6"]
[White "Navines Monfa, Josep"]
[Black "Roig Gorina, Harold"]
[Result "0-1"]
[WhiteElo "1864"]
[BlackElo "1971"]
[PlyCount "68"]
[EventDate "2010.01.29"]
[EventType "swiss"]
[EventRounds "9"]
[EventCountry "ESP"]
[SourceTitle "EXT 2024"]
[Source "ChessBase"]
[SourceDate "2023.10.10"]
[SourceVersion "1"]
[SourceVersionDate "2023.10.10"]
[SourceQuality "1"]

1. d4 Nf6 2. c4 e6 3. Nc3 Bb4 4. Bd2 d5 5. cxd5 exd5 6. a3 Be7 7. Bg5 0-0 8. e3 Nbd7 9. Bd3 Re8 10. Nf3 Nf8 11. 0-0 c6 12. h3 Ne4 13. Bxe7 Qxe7 14. Ne5 Qh4 15. Nf3 Qh6 16. Ne5 f6 17. Ng4 Qg5 18. Nxe4 dxe4 19. Bc4+ Kh8 20. f3 Bxg4 21. hxg4 Qxe3+ 22. Kh1 Rad8 23. fxe4 Rxd4 24. Qb3 Qxb3 25. Bxb3 Rdxe4 26. g5 Nd7 27. Rad1 Nc5 28. Bf7 Rf8 29. gxf6 gxf6 30. Ba2 a5 31. Rd6 f5 32. Bb1 Rh4+ 33. Kg1 Ne4 34. Re1 Nxd6 0-1

[Event "ESP-ch Veterans"]
[Site "Sabadell"]
[Date "2009.12.13"]
[Round "2"]
[White "Febrero Perez, Lluis"]
[Black "Navines Monfa, Josep"]
[Result "0-1"]
[WhiteElo "1599"]
[BlackElo "1870"]
[PlyCount "74"]
[EventDate "2009.12.12"]
[EventType "swiss"]
[EventRounds "7"]
[EventCountry "ESP"]
[SourceTitle "CBM 133 Extra"]
[Source "ChessBase"]
[SourceDate "2010.01.05"]
[SourceVersion "1"]
[SourceVersionDate "2010.01.05"]
[SourceQuality "1"]

1. e4 e5 2. Nf3 Nc6 3. d4 exd4 4. Nxd4 Nxd4 5. Qxd4 d6 6. Bf4 Qf6 7. e5 dxe5 8. Bxe5 Qg6 9. Bxc7 Bd7 10. Bd3 Qc6 11. Qe5+ Ne7 12. Be4 Qa6 13. Nc3 f6 14. Qh5+ g6 15. Qf3 Rc8 16. Bg3 Bg7 17. Bxb7 Qe6+ 18. Qe2 Qxe2+ 19. Kxe2 Rc4 20. Rad1 Rb4 21. Bd5 Nxd5 22. Nxd5 Rxb2 23. Nc7+ Ke7 24. Rhe1 Rd8 25. Kf1+ Kf7 26. Ne6 Bb5+ 27. Kg1 Rxd1 28. Rxd1 Kxe6 29. h4 Rxc2 30. Rd6+ Ke7 31. Rd5 a6 32. h5 Rxa2 33. hxg6 hxg6 34. Rc5 f5 35. Rc7+ Bd7 36. Bh4+ Ke6 37. Rc4 Ra4 0-1

[Event "Castellar op 16th"]
[Site "Castellar"]
[Date "2007.07.17"]
[Round "2"]
[White "Navines Monfa, Josep"]
[Black "Munoz Pantoja, Miguel Angel"]
[Result "0-1"]
[WhiteElo "2023"]
[BlackElo "2452"]
[PlyCount "106"]
[EventDate "2007.07.13"]
[EventType "swiss"]
[EventRounds "9"]
[EventCountry "ESP"]
[SourceTitle "CBM 119 Extra"]
[Source "ChessBase"]
[SourceDate "2007.09.04"]
[SourceVersion "1"]
[SourceVersionDate "2007.09.04"]
[SourceQuality "1"]

1. d4 c5 2. d5 Nf6 3. c4 g6 4. Nc3 Bg7 5. e4 0-0 6. Nf3 d6 7. Be2 e5 8. 0-0 Ne8 9. h3 f5 10. exf5 gxf5 11. Bg5 Bf6 12. Qd2 Kh8 13. Bxf6+ Qxf6 14. Kh1 Rg8 15. Rg1 Nd7 16. g4 e4 17. g5 Qe7 18. Nh4 Ne5 19. Qf4 Bd7 20. Rg2 Nc7 21. Rag1 Ng6 22. Nxg6+ hxg6 23. f3 e3 24. Qh4+ Kg7 25. f4 Rh8 26. Qg3 b5 27. Rh2 Rab8 28. b3 bxc4 29. Bxc4 Nb5 30. Nxb5 Bxb5 31. Bxb5 Rxb5 32. Qf3 Rb4 33. Re1 Re8 34. Rhe2 Re4 35. h4 Qf7 36. Kg1 Qxd5 37. h5 Qd4 38. h6+ Kh7 39. Rc1 d5 40. Rf1 R8e7 41. Kg2 Qb4 42. Kg3 d4 43. Rd1 c4 44. bxc4 Qxc4 45. Rde1 a5 46. Kg2 a4 47. Kg3 Qc3 48. Kh3 a3 49. Kg3 Re8 50. Kh3 R8e7 51. Kg3 d3 52. Rxe3 d2 53. Rxc3 dxe1Q+ 0-1

[Event "Cerdanyola del Valles op-A 24th"]
[Site "Cerdanyola del Valles"]
[Date "2006.10.07"]
[Round "2.14"]
[White "Navines Monfa, Josep"]
[Black "Penalver Guardia, Francesco"]
[Result "1-0"]
[WhiteElo "1960"]
[BlackElo "2035"]
[PlyCount "69"]
[EventDate "2006.09.30"]
[EventType "swiss"]
[EventRounds "8"]
[EventCountry "ESP"]
[SourceTitle "EXT 2024"]
[Source "ChessBase"]
[SourceDate "2023.10.10"]
[SourceVersion "1"]
[SourceVersionDate "2023.10.10"]
[SourceQuality "1"]

1. d4 f5 2. Nc3 d5 3. Nf3 Nf6 4. e3 e6 5. Ne5 Be7 6. Be2 0-0 7. 0-0 a6 8. a3 c5 9. h4 Nc6 10. g3 Nxe5 11. dxe5 Nd7 12. f4 c4 13. b3 b5 14. Nxd5 exd5 15. Qxd5+ Kh8 16. Qxa8 Qc7 17. Qg2 c3 18. b4 Bb7 19. Bf3 Bxf3 20. Qxf3 Nb6 21. e4 fxe4 22. Qxe4 Na4 23. Be3 Nb2 24. Qd4 Qc8 25. f5 Rd8 26. Qf4 Bf8 27. Rae1 Nc4 28. g4 Nxa3 29. Re2 Nc4 30. f6 Qe6 31. Bd4 Nd2 32. Rff2 Bxb4 33. fxg7+ Kxg7 34. Qg5+ Qg6 35. e6+ 1-0

[Event "Badalona op 31st"]
[Site "Badalona"]
[Date "2005.08.01"]
[Round "1"]
[White "Gonzalez Vidal, Yuri"]
[Black "Navines Monfa, Josep"]
[Result "1-0"]
[WhiteElo "2495"]
[BlackElo "2098"]
[PlyCount "37"]
[EventDate "2005.08.01"]
[EventType "swiss"]
[EventRounds "9"]
[EventCountry "ESP"]
[SourceTitle "CBM 107 Extra"]
[Source "ChessBase"]
[SourceDate "2005.09.01"]
[SourceVersion "1"]
[SourceVersionDate "2005.09.01"]
[SourceQuality "1"]

1. e4 e5 2. Nf3 Nc6 3. Bb5 d6 4. c3 Bd7 5. d4 exd4 6. cxd4 h6 7. Nc3 a6 8. Ba4 b5 9. Bb3 Nf6 10. 0-0 Bg4 11. Be3 Na5 12. Bc2 Nc4 13. Bc1 Be7 14. Qd3 Bxf3 15. Qxf3 0-0 16. b3 Nb6 17. e5 Ne8 18. Bxh6 Bg5 19. Qf5 1-0

[Event "Barcelona Rubi op 4th"]
[Site "Barcelona"]
[Date "2003.05.24"]
[Round "5"]
[White "Serrano Delgado, Bienvenido"]
[Black "Navines Monfa, Josep"]
[Result "0-1"]
[WhiteElo "1995"]
[BlackElo "2065"]
[PlyCount "120"]
[EventDate "2003.04.26"]
[EventType "swiss"]
[EventRounds "7"]
[EventCountry "ESP"]
[SourceTitle "EXT 2004"]
[Source "ChessBase"]
[SourceDate "2003.11.25"]
[SourceVersion "1"]
[SourceVersionDate "2003.11.25"]
[SourceQuality "1"]

1. e4 e5 2. Nf3 Nc6 3. Bc4 Nf6 4. Ng5 d5 5. exd5 Na5 6. Bb5+ Bd7 7. Qe2 Bd6 8. Nc3 c6 9. dxc6 Nxc6 10. Nce4 Be7 11. c3 0-0 12. d3 Nd4 13. cxd4 Bxb5 14. Nc3 exd4 15. Nxb5 Qa5+ 16. Bd2 Qxb5 17. 0-0 Rfe8 18. Nf3 Bc5 19. Qd1 Qxd3 20. b4 Bb6 21. Bg5 Qxd1 22. Raxd1 Ne4 23. Bf4 Nc3 24. Rd2 Ne2+ 25. Rxe2 Rxe2 26. a4 a6 27. a5 Ba7 28. Rd1 f6 29. Rd3 g5 30. Bd2 g4 31. Nh4 Rc8 32. Kf1 Re5 33. f4 Rd5 34. Ke2 b6 35. axb6 Bxb6 36. Ra3 d3+ 37. Kd1 Ra8 38. g3 Bg1 39. Ng2 h5 40. b5 Rxb5 41. Rxd3 a5 42. Bc3 Kf7 43. Nh4 Ra6 44. f5 Rb7 45. Rd2 a4 46. Ng6 a3 47. Ra2 Bxh2 48. Rxh2 a2 49. Rxh5 a1Q+ 50. Bxa1 Rxa1+ 51. Kc2 Ra2+ 52. Kc1 Kg7 53. Nf4 Rb3 54. Ne6+ Kg8 55. Rh6 Rxg3 56. Kb1 Rf2 57. Rh1 Rxf5 58. Nd4 Rf2 59. Re1 Rd3 60. Ne2 Re3 0-1

[Event "Barcelona Rubi op 4th"]
[Site "Barcelona"]
[Date "2003.??.??"]
[Round "7"]
[White "Navines Monfa, Josep"]
[Black "Parals Roura, Jordi"]
[Result "1/2-1/2"]
[WhiteElo "2065"]
[BlackElo "1960"]
[PlyCount "98"]
[EventDate "2003.04.26"]
[EventType "swiss"]
[EventRounds "7"]
[EventCountry "ESP"]
[SourceTitle "EXT 2004"]
[Source "ChessBase"]
[SourceDate "2003.11.25"]
[SourceVersion "1"]
[SourceVersionDate "2003.11.25"]
[SourceQuality "1"]

1. e4 e5 2. Nf3 Nf6 3. Nc3 Nc6 4. Bc4 Be7 5. 0-0 0-0 6. a3 Nxe4 7. Nxe4 d5 8. Bd3 dxe4 9. Bxe4 Bg4 10. h3 Bxf3 11. Bxf3 Qd6 12. d3 Rad8 13. Re1 Bf6 14. Rb1 b6 15. Bd2 Nd4 16. Bb4 c5 17. Bc3 Nxf3+ 18. Qxf3 Rfe8 19. Re2 Re6 20. Rbe1 Rde8 21. Qg3 g6 22. b4 Bg7 23. bxc5 bxc5 24. a4 Qd5 25. a5 f5 26. Qe3 f4 27. Qe4 Qxe4 28. Rxe4 Kf7 29. f3 g5 30. Kf2 Kf6 31. Ra4 Rb8 32. Ke2 Ke7 33. Kd2 Kd6 34. Rea1 a6 35. R4a2 Re7 36. Rb2 Rxb2 37. Bxb2 Rb7 38. Kc1 c4 39. Ba3+ Kd5 40. dxc4+ Kxc4 41. Ra2 Bf6 42. Bb2 Rb5 43. Ra4+ Rb4 44. Ra2 Kd5 45. Kd2 Be7 46. Ke2 Bc5 47. Ba3 Ra4 48. c4+ Rxc4 49. Bxc5 Kxc5 1/2-1/2

[Event "Barcelona Rubi op 3rd"]
[Site "Barcelona"]
[Date "2002.??.??"]
[Round "2"]
[White "Navines Monfa, Josep"]
[Black "Guasch Sariol, Jaume"]
[Result "0-1"]
[WhiteElo "2015"]
[BlackElo "2120"]
[PlyCount "88"]
[EventDate "2002.04.27"]
[EventType "swiss"]
[EventRounds "9"]
[EventCountry "ESP"]
[SourceTitle "CBM 088 Extra"]
[Source "ChessBase"]
[SourceDate "2002.07.01"]
[SourceVersion "2"]
[SourceVersionDate "2002.07.01"]
[SourceQuality "1"]

1. e4 e6 2. d4 d5 3. e5 c5 4. c3 Qb6 5. Qb3 Qxb3 6. axb3 cxd4 7. cxd4 Nc6 8. Bb5 Bd7 9. Bxc6 Bxc6 10. Nc3 Ne7 11. f4 Nf5 12. Nf3 h5 13. Bd2 Be7 14. Kf2 0-0 15. Ne2 f6 16. Ng3 fxe5 17. Nxf5 Rxf5 18. Nxe5 Bb5 19. Rac1 Bd6 20. Rhg1 Bxe5 21. dxe5 Raf8 22. Rc7 Rxe5 23. Re1 Rxe1 24. Kxe1 Bc6 25. Bc3 Rxf4 26. Rxg7+ Kf8 27. Rh7 Rh4 28. g4 Rxg4 29. Rxh5 d4 30. Bd2 Rg1+ 31. Ke2 Rg2+ 32. Ke1 Bf3 33. Bb4+ Kf7 34. Rh3 Bd5 35. Ba3 Kf6 36. Rh6+ Kg5 37. Rh7 Kf4 38. Rh4+ Ke3 39. Kf1 Rc2 40. Bb4 Rc1+ 41. Be1 d3 42. Rh5 Rxe1+ 43. Kxe1 d2+ 44. Kf1 d1Q# 0-1

[Event "Barcelona Rubi op 3rd"]
[Site "Barcelona"]
[Date "2002.??.??"]
[Round "?"]
[White "Serrano Pertinez, Miquel"]
[Black "Navines Monfa, Josep"]
[Result "1-0"]
[WhiteElo "2249"]
[BlackElo "2165"]
[PlyCount "43"]
[EventDate "2002.04.27"]
[EventType "swiss"]
[EventRounds "9"]
[EventCountry "ESP"]
[SourceTitle "EXT 2003"]
[Source "ChessBase"]
[SourceDate "2002.11.25"]
[SourceVersion "1"]
[SourceVersionDate "2002.11.25"]
[SourceQuality "1"]

1. d4 d5 2. Bg5 Nc6 3. e3 h6 4. Bh4 Nf6 5. Bxf6 exf6 6. c4 Be7 7. Nc3 Bb4 8. Qb3 Be6 9. 0-0-0 Bxc3 10. Qxc3 0-0 11. e4 dxe4 12. d5 Bg4 13. f3 exf3 14. gxf3 Ne5 15. fxg4 Nxg4 16. Qg3 Ne5 17. Nh3 Qe7 18. Rg1 g6 19. Nf4 f5 20. Bd3 Nxd3+ 21. Rxd3 Kh7 22. Nxg6 1-0